Una propuesta didáctica sobre la narración: intercambiar vivencias y reconocerse en la escritura, criterios de producción y evaluación de los textos narrativos autobiográficos en secundaria
Saved in:
| Hovedforfatter: | |
|---|---|
| Format: | Bog |
| Sprog: | spansk |
| Udgivet: |
Barcelona
ICE-Horsori
2002
|
| Serier: | Cuadernos de Educación, 38
|
| Fag: | |
| Tags: |
Tilføj Tag
Ingen Tags, Vær først til at tagge denne postø!
|
MARC
| LEADER | 00000nam a2200000 a 4500 | ||
|---|---|---|---|
| 001 | UCM7454 | ||
| 003 | CL-VaPUC | ||
| 008 | 021220e20020000SP |||||||||||||||||spa|d | ||
| 082 | 0 | 4 | |a 808.30712 |b PER |2 21 |
| 100 | 0 | |a Pérez Romero, Francisca |e author |9 473043 | |
| 245 | 1 | 4 | |a Una propuesta didáctica sobre la narración: intercambiar vivencias y reconocerse en la escritura, criterios de producción y evaluación de los textos narrativos autobiográficos en secundaria |
| 300 | |a 202 p | ||
| 942 | |c BK | ||
| 945 | |d 20021220 00:00:00 |a cmena | ||
| 260 | |a Barcelona |b ICE-Horsori |c 2002 | ||
| 650 | 0 | |a Retórica |9 266620 | |
| 650 | 0 | |a Redacción |9 320524 | |
| 650 | 0 | |a Autobiografías |9 265171 | |
| 650 | 0 | |a Estilos literarios |9 310538 | |
| 583 | |a last modification |c 20021220 00:00:00 |k Rodrigo Vera | ||
| 490 | 0 | |a Cuadernos de Educación, 38 | |
| 999 | |c 302245 |d 302243 | ||
| 952 | |0 0 |1 0 |4 0 |6 808_307120000000000_PER_2002 |7 0 |8 A |9 362385 |a FDOPOS |b FDOPOS |d 2019-11-21 |i 3869911 |o 808.30712 PER 2002 |p 3869911 |r 2025-01-22 |w 2019-11-21 |y BK |k MLA | ||